1984 1200 1293 1904 1939 1122 1066 1388 1586 1206 1380 1127 1439 1269 1418 1705 1839 1768 1165 1283 1739 1218 1551 1467 1162 1062 1385 1776 1372 1517 1131 1192 1126 1102 1632 1394 1790 1174 1220 1478 1315 1926 1729 1525 1746 1893 1264 1848 1044 1682 1335 1045 1689 1465 1862 1292 1482 1879 1920 1313 1446 1543 1289 1100 1340 1009 1859 1800 1275 1457 1207 1315 1968 1902 1598 1552 1419 1754 1485 1042 1637 1500 1107 1043 1564 1521 1250 1462 1029 1104 1578 1671 1752 1706 1279 1062 1801 1413 1862 BCNSPRNW ULIB Ver.6.0+V

เปลี่ยนเป็นภาษาไทย

Change to English
 แสดงรายละเอียดบรรณานุกรม
  กลับหน้าหลัก

Brief Record : Get Marc (ISO 2709) : E-mail record : QR code < ปิดหน้าต่าง
LEADER : 00000nam 2200000uu 4500
001    13399121734
003     ULIB
008    121203s2554||||th 000 0 tha d
020    ^a97460318215
024    ^a9789740318217
050  4 ^aH62^bศ37ท
100 0  ^aศิริชัย กาญจนวาสี
245 10 ^aทฤษฎีการประเมิน /^cศิริชัย กาญจนวาสี
250    ^aพิมพ์ครั้งที่ 8
260    ^aกรุงเทพฯ :^bโรงพิมพ์จุฬาลงกรณ์มหาวิทยาลัย,^c2554
300    ^a233 หน้า ;^c21 ซม.
650  4 ^aการประเมิน^xทฤษฎี
650  4 ^aการประเมินผลงาน^xคู่มือ
945    ^p110^l0^i033166
995    ^aเกษร
999    ^aใช้งานได้ทุกระบบ
รายการนี้ยังไม่มีแท็ก
คุณยังไม่ได้ล็อกอิน คุณสามารถมีกิจกรรมร่วมกับเว็บไซต์ได้ แต่ต้องล็อกอินก่อน ::
  ล็อกอิน

รายการสื่อสารสนเทศ

ลำดับที่ ประเภท เลขเรียก/บาร์โค้ด สถานที่ สถานะ
1. วิทยาศาสตร์การแพทย์ และสุขภาพ
หนังสือสำรอง
สถานะ=หนังสือสำรอง
H62 ศ37ท ฉ.1 
  Barcode: 033166
ห้องสมุดวิทยาเขตสวรรค์ประชารักษ์
►หนังสือทั่วไป
บนชั้น

BibComment


ยังไม่เคยถูกคอมเมนท์

คอมเมนท์ทรัพยากรรายการนี้
  คอมเมนท์: ทฤษฎีการประเมิน ..


 Copyright 2026. Bcnsprnw @Library